000 00766nam a22002297a 4500
005 20210727101211.0
008 210727b sg ||||| |||| 00| 0 fr d
020 _a9290910836
050 0 4 _aKQC896
_bD54 2004
245 0 3 _aLa diffamation dans les medias en afrique
_c/ Charles Tchoungang,...[et al.]
250 _a1a ed.
260 _aDakar :
_bUnited Nations Educational, Scientific and Cultural Organization,
_c1990
300 _a95 p. ;
_c24 cm.
650 7 _2lemb
_aOfensas
650 7 _2lemb
_aDifamación
_zAfrica
650 7 _2lemb
_aMedios de comunicación
651 7 _2lemb
_aJapón
_xEconomía
_y1946
700 1 _aTchoungang, Charles
_eautor
700 1 _a O.Odhiambo, Lewis
_eautor
700 1 _aTiéoulé Diarra, Amadou
_eautor
942 _2lcc
_cLIB
999 _c156955
_d156953